| 000 | 00470nam a2200145Ia 4500 | ||
|---|---|---|---|
| 008 | 100122s9999 xx 000 0 und d | ||
| 082 |
_b21542 _a823.08 |
||
| 100 | _aमराठे चि य | ||
| 245 | _a"निवडक कथा, भाग 2रा" | ||
| 260 |
_bछाया कोलारकर _c1975 |
||
| 300 | _a196 | ||
| 630 | _a"निवडक कथा, भाग 2रा" | ||
| 730 | _a"निवडक कथा, भाग 2रा" | ||
| 942 | _cBOOK | ||
| 999 |
_c409532 _d409529 |
||